L'Industrializzazione del centro portuale di Genova / A. Brusa
Descripción Física:
48 p. : il., gràf. ; 24 cm
Materias:
Ports -- Gènova
MARC
| LEADER | 00000nam a2200000Ia 4500 | ||
|---|---|---|---|
| 001 | 22630 | ||
| 008 | 160829s1953 xx 000 0 cat d | ||
| 080 | |a FU-56-31 | ||
| 100 | |a Brusa, A. |9 47592 | ||
| 245 | |a L'Industrializzazione del centro portuale di Genova / A. Brusa | ||
| 260 | |a Genova : |b Società d'Arte Poligrafica, |c 1953 | ||
| 300 | |a 48 p. : |b il., gràf. ; |c 24 cm | ||
| 590 | |a A la portada: Estratto del Bollettino Ufficiale del Consorzio Autonomo del Porto di Genova, n. 10, Ottobre 1923. | ||
| 590 | |a Prové de B-859, exp. 17 | ||
| 650 | |a Ports |x Gènova |9 47593 | ||
| 856 | 4 | |u https://media.diba.cat/diba/fitxers/arxiu/fulletons/bib_22630_baixa.pdf |y Accés lliure | |
| 856 | 4 | |u https://media.diba.cat/diba/fitxers/arxiu/fulletons/bib_22630_baixa.pdf |y Accés lliure | |
| 901 | |a Arxiu | ||
| 942 | |n 1 |2 udc | ||
| 952 | |0 0 |1 0 |4 0 |6 FU5631 |7 1 |9 53988 |a Arxiu |b Arxiu |d 2016-12-01 |l 0 |o FU-56-31 |p 22630 |r 2016-12-01 00:00:00 |w 2016-12-01 |y ARXIU | ||
| 999 | |c 57855 |d 57855 | ||
| 900 | |a bib_22630_baixa.pdf | ||